000 00729nam a22001937a 4500
001 TVUNI
005 20260126014645.0
008 221102s2002 vm vie d
020 _c45000
040 _aTVUNI
_eAACR2
041 0 _avie
100 1 _aNguyễn, Văn Công
245 1 0 _aHạch toán kế toán trong các doanh nghiệp thương mại :
_bLý thuyết và bài tập minh họa kèm theo sơ đồ kế toán trong DNKDTM nội địa và xuất nhập khẩu /
_cNguyễn Văn Công
250 _aIn lần thứ 2, đã sửa đổi bổ sung, cập nhập những thông tin mới
260 _aHà Nội :
_bTài Chính,
_c2002
300 _a412 tr. ;
_c24 cm.
942 _2ddc
_cBK
999 _c2469
_d2469
912 _a1
_bHiển Phạm